| 000 | 00622 a2200193 4500 | ||
|---|---|---|---|
| 999 |
_c8061 _d8061 |
||
| 003 | GBCCL | ||
| 005 | 20241126110642.0 | ||
| 008 | 190207b ||||| |||| 00| 0 eng d | ||
| 040 | _cgbc | ||
| 082 |
_aVER 226.607 _bKAM |
||
| 100 |
_aKamchinkhup, K. _912830 |
||
| 245 |
_aNasepte Laibu: _bBung 13-28 hilhchetna / _cK. Kamchinkhup |
||
| 260 |
_aNew Lamka: _b Evangelical Baptist Convention, _c2018 |
||
| 300 |
_axii, 228 p.; _bill., map., 20 cm. |
||
| 440 |
_aSaptuam' Laisiangthou Hilhchetna. _97247 |
||
| 650 |
_aBible _vNew Testament _xActs _xCommentary _912831 |
||
| 650 |
_aSunday School, EBC _912832 |
||
| 942 |
_2ddc _cBK |
||